Online Catalogue and eLibrary

The good little Ceylonese girl : (Record no. 5931)

MARC details
000 -LEADER
fixed length control field 00497cam a22001817a 4500
001 - CONTROL NUMBER
control field 14721086
005 - DATE AND TIME OF LATEST TRANSACTION
control field 20241105024051.0
008 - FIXED-LENGTH DATA ELEMENTS--GENERAL INFORMATION
fixed length control field 070202s2006 ce a 000 1 eng
020 ## - INTERNATIONAL STANDARD BOOK NUMBER
ISBN 9559981900
040 ## - CATALOGING SOURCE (பட்டியலாக்க மூலம்)
Original cataloging agency DLC
Transcribing agency DLC
Modifying agency DLC
082 ## - DDC Classification
DDC Edition Number 7001
Class No. 823
Item Number - Author Mark THE
100 1# - MAIN ENTRY--PERSONAL NAME
Personal name Ferrey, Ashok.
245 14 - TITLE STATEMENT
Title The good little Ceylonese girl :
Remainder of title a collection of short stories /
Statement of responsibility, etc. by Ashok Ferrey.
260 ## - PUBLICATION, DISTRIBUTION, ETC.
Place of publication, distribution, etc. Colombo :
Name of publisher, distributor, etc. Ashok Ferrey,
Date of publication, distribution, etc. 2006.
300 ## - PHYSICAL DESCRIPTION
Extent (e.g. Volumes, Pages etc.) 233 p. :
500 ## - GENERAL NOTE
General note Short stories.
942 ## - Koha item type (Biblio)
Koha item type Books in Stacks (Lending)
Holdings
Lost status Damaged status Collection code Home library Current library Date acquired Full call number Accession Number Item type
    Lending WERC Library WERC Library 11/05/2024 823 THE 7001 Books in Stacks (Lending)

© WERC Library